| 000 | 00423nam a22001817a 4500 | ||
|---|---|---|---|
| 003 | NUST | ||
| 020 | _a9780849384547 | ||
| 038 | _akhadija | ||
| 082 |
_a672.36 _bSTE |
||
| 100 |
_aTotten, George E _986844 |
||
| 245 |
_aSteel Heat Treatment / _cGeorge E. Totten |
||
| 250 | _a2nd ed. | ||
| 260 |
_aNew York: _bCRC Press, _c2006. |
||
| 300 |
_a713 p. ; _b26 cm. |
||
| 500 | _aHardcover. | ||
| 563 | _aHB | ||
| 942 |
_cBK _2ddc |
||
| 999 |
_c32921 _d32921 |
||